| 000 | 01932nam0a2200421 4500 | ||
|---|---|---|---|
| 001 | RU\NLR\bibl\1255419 | ||
| 005 | 20260607042003.0 | ||
| 010 |
_a978-5-8125-1082-4 _9300 |
||
| 021 |
_aRU _b2008-41819 _92312 |
||
| 035 | _a(nilc)EL/0000198115 | ||
| 035 | _aRUM0046268 | ||
| 035 | _a(NLR Aleph) 001241457 | ||
| 090 |
_a261559 _c261559 |
||
| 100 | _a20080515d2008 |||y0rusy50 ca | ||
| 101 | 0 | _arus | |
| 102 | _aRU | ||
| 105 | _ay z ||||| | ||
| 200 | 1 |
_aКонспект флоры сосудистых растений Тульской области _fИ.С. Шереметьева, Л.В. Хорун, А.В. Щербаков _gпод ред. проф. В.С. Новикова _hМГУ им. М.В. Ломоносова, Ботан. сад |
|
| 210 |
_aТула _cГриф и К° _d2008 |
||
| 215 |
_a273, [1] с. _d20 |
||
| 300 | _aНа обл. авт. не указаны | ||
| 320 | _aБиблиогр.: с. 257-271 | ||
| 606 | 1 |
_aСосудистые растения _yТульская область _92520055 _3RU\NLR\auth\661493373 |
|
| 610 | 0 |
_aсосудистые растения _aфлора _aвидовой состав _aэкологические типы растений _aгеографическое распространение |
|
| 675 |
_a582.35/.99 _v4 |
||
| 686 |
_a68.03.03.81 _2rugasnti |
||
| 686 | _aЕ592(2Р344-4Ту) | ||
| 700 | 1 |
_aШереметьева _bИ. С. _gИрина Сергеевна _4070 |
|
| 701 | 1 |
_aХорун _bЛ. В. _gЛюдмила Владимировна _4070 |
|
| 701 | 1 |
_4070 _7ca _8rus _aЩербаков _bА. В. _cканд. биол. наук _gАндрей Викторович _93103 _3RU\NLR\auth\7720035 |
|
| 801 | 0 |
_aRU _bЦНСХБ РАСХН _c20080515 _gRCR |
|
| 801 | 1 |
_aRU _bЦНСХБ РАСХН _c20080606 _2rusmarc |
|
| 801 | 2 |
_aRU _bNLR _c20080723 _grcr |
|
| 830 | _aавт. по кн. | ||
| 942 | _cBOOK | ||
| 980 | _aNB | ||
| 980 | _aNBR | ||